| 000 | 00865nam a2200253 a 4500 | ||
|---|---|---|---|
| 008 | 020509s2001 m yxo r 0 slo c | ||
| 020 |
_a8055102511 _c19 |
||
| 040 |
_aSNK _bslo _cSNK _eAACR2 |
||
| 041 | 1 |
_aslo _heng |
|
| 044 |
_axo _cSK |
||
| 080 | _a796.31:133.4 | ||
| 080 | _a133.4:796.31 | ||
| 100 | 1 |
_aWhisp, Kennilworthy _4aut |
|
| 240 | 1 | 0 |
_aQuidditch through the ages _lSlovensky |
| 245 | 1 | 0 |
_aMetlobal v priebehu vekov _cKennilworthy Whisp ; [z anglického originálu preložil Martin Kasarda] |
| 260 |
_aBratislava _bIKAR _c2001 |
||
| 300 |
_a71 s. _bilustr. _c20 cm |
||
| 500 | _aÚdaj o prekl. prevzatý z rubu tit. strany | ||
| 650 | 0 | 7 |
_ametlobal _xhry športové čarodejnícke _xpríručky _2SNK |
| 700 | 1 |
_aKasarda, Martin _4trl |
|
| 730 | _tQuidditch through the ages | ||
| 765 | 0 |
_tQuidditch through the ages _aWhisp, Kennilworthy |
|
| 958 | _aAPP | ||
| 999 |
_c7427 _d7427 |
||